000
00199nam a22000977a 4500
003
OSt
008
210118b ||||| |||| 00| 0 eng d
100
_a
Thikkodian
_9
4887
245
_a
Thettu
942
_c
BK
999
_c
16656
_d
16656